UBT Library

Pediatrics : (Record no. 46955)

000 -LEADER
fixed length control field 00707cam a22002294a 4500
001 - CONTROL NUMBER
control field 14619523
005 - DATE AND TIME OF LATEST TRANSACTION
control field 20180809044936.0
008 - FIXED-LENGTH DATA ELEMENTS--GENERAL INFORMATION
fixed length control field 061101s1999 ctu b 001 0 eng
010 ## - LIBRARY OF CONGRESS CONTROL NUMBER
LC control number 2006285435
020 ## - INTERNATIONAL STANDARD BOOK NUMBER
International Standard Book Number 1889325090 (pbk.)
040 ## - CATALOGING SOURCE
Original cataloging agency DLC
Transcribing agency DLC
Modifying agency DLC
041 ## - LANGUAGE CODE
Language code of text/sound track or separate title eng
080 ## - UNIVERSAL DECIMAL CLASSIFICATION NUMBER
Universal Decimal Classification number 618.92 WIL
082 00 - DEWEY DECIMAL CLASSIFICATION NUMBER
Classification number 618.92 WIL
Edition number 22
100 ## - Rafti
Rafti 8
101 ## - Shkurtesa
Shkurtesa PED
245 00 - TITLE STATEMENT
Title Pediatrics :
Statement of responsibility, etc [edited by] H. David Wilson.
504 ## - BIBLIOGRAPHY, ETC. NOTE
Bibliography, etc Includes bibliographical references and index.
906 ## - LOCAL DATA ELEMENT F, LDF (RLIN)
a 7
b cbc
c orignew
d 2
e ncip
f 20
g y-gencatlg
942 ## - ADDED ENTRY ELEMENTS (KOHA)
Source of classification or shelving scheme
Item type Books
Holdings
Withdrawn status Lost status Source of classification or shelving scheme Damaged status Not for loan Collection code Permanent location Current location Shelving location Date acquired Total Checkouts Full call number Barcode Date last seen Price effective from Koha item type
          Koleksioni i përgjithshem UBT - Lipjan UBT - Lipjan Koleksioni i përgjithshem 08/09/2018   618.92 WIL 002-3010774 08/09/2018 08/09/2018 Books
UBT Library © 2015-2024. All rights reserved University Education for Business and Technology